000 00660nam a2200241Ia 4500
003 OSt
005 20220926041328.0
006 a|||||r|||| 00| 0
007 ta
008 220923b |||||||| |||| 00| 0 eng d
037 _cGeneral Book
040 _aRTL
_cRTL
_beng
041 _2eng
_aeng
082 _aX:8G, H6
100 _aFieldhouse Arthur
_9344757
245 0 _aStudent's aduanced commercial book- keeping Pt. 2
250 _a55ed
260 _c1946
650 _aBook Keeping
_9259606
700 _a Fieldhouse E Ewart
_9344758
942 _hX:8G, H6
_cGB
_2CC
999 _c666955
_d666955